[Event "ICS rated blitz match"]
[Site "204.178.125.65"]
[Date "2000.05.19"]
[Round "?"]
[White "Hossa"]
[Black "JenMan"]
[Result "1-0"]
[WhiteElo "2462"]
[BlackElo "2084"]
[PlyCount "40"]
[EventDate "2000.??.??"]

1. d4 d5 2. Nd2 c6 3. e4 g6 4. Ngf3 Bg7 5. Bd3 Bg4 6. exd5 cxd5 7. h3 Bxf3 8.
Nxf3 e6 9. Bb5+ Nc6 10. O-O Nge7 11. c3 O-O 12. Bf4 a6 13. Bd3 b5 14. Qe2 Na5
15. Rfe1 Nc4 16. a4 bxa4 17. Rxa4 Qb6 18. Rb4 Qa5 19. Rb7 Nc6 20. b3 Nb6 {
JenMan resigns} 1-0

[Event "ICS rated blitz match"]
[Site "204.178.125.65"]
[Date "2000.05.19"]
[Round "?"]
[White "Hossa"]
[Black "D-Zagorskis"]
[Result "0-1"]
[WhiteElo "2465"]
[BlackElo "2367"]
[PlyCount "122"]
[EventDate "2000.??.??"]

1. d4 d5 2. Nd2 Nf6 3. e3 Bf5 4. Ngf3 e6 5. Be2 h6 6. c4 c6 7. cxd5 exd5 8. Qb3
Qb6 9. Qxb6 axb6 10. O-O Nbd7 11. Nh4 Bh7 12. Nhf3 Bd6 13. b3 O-O 14. Bb2 b5
15. Rfd1 Ra7 16. Ne5 Rfa8 17. Nxd7 Nxd7 18. a3 Bxa3 19. Bxa3 Rxa3 20. Rac1 Kf8
21. f3 Ra2 22. Kf2 Rb2 23. e4 Nf6 24. e5 Ne8 25. Rc3 Raa2 26. Ke3 b4 27. Rcc1
Bc2 28. Re1 Bxb3 29. Nf1 Nc7 30. Ng3 Bc4 31. Rb1 Bxe2 32. Nxe2 Nb5 33. Rxb2
Rxb2 34. Nf4 g5 35. Ne2 Nc3 36. Nxc3 bxc3 37. g4 Rb4 38. Rc1 Rc4 39. Kd3 c2 40.
Rxc2 Rxc2 41. Kxc2 b6 42. Kb3 c5 43. Kc3 Ke7 44. Kd2 Ke6 45. Ke3 cxd4+ 46. Kxd4
b5 47. h3 b4 48. Kd3 Kxe5 49. Ke3 d4+ 50. Kd3 b3 51. Kd2 Kf4 52. Kd3 Kxf3 53.
Kd2 Ke4 54. Kc1 d3 55. Kb2 d2 56. Kc3 d1=Q 57. h4 b2 58. Kxb2 Kd3 59. hxg5 Qc2+
60. Ka3 Kc3 61. gxh6 Qb3# {Hossa checkmated} 0-1

[Event "ICS rated blitz match"]
[Site "204.178.125.65"]
[Date "2000.05.19"]
[Round "?"]
[White "blunite"]
[Black "Hossa"]
[Result "0-1"]
[WhiteElo "2160"]
[BlackElo "2445"]
[PlyCount "54"]
[EventDate "2000.??.??"]

1. Nf3 d5 2. c3 Nf6 3. d4 Nbd7 4. Bf4 Nh5 5. Bg5 h6 6. Bh4 g5 7. Bg3 g4 8. Ng1
Nxg3 9. hxg3 e5 10. e3 exd4 11. exd4 Qe7+ 12. Qe2 Nf6 13. Nd2 Bf5 14. Qxe7+
Bxe7 15. Bb5+ c6 16. Be2 O-O-O 17. O-O-O Ne4 18. Nxe4 dxe4 19. Bc4 Bg5+ 20. Kc2
e3+ 21. Bd3 Bxd3+ 22. Rxd3 exf2 23. Ne2 Rde8 24. Kd1 Re4 25. Rf1 Be3 26. Nc1
Rhe8 27. Nb3 Bxd4 {blunite resigns} 0-1

[Event "ICS rated blitz match"]
[Site "204.178.125.65"]
[Date "2000.05.19"]
[Round "?"]
[White "Hossa"]
[Black "blunite"]
[Result "1-0"]
[WhiteElo "2450"]
[BlackElo "2153"]
[PlyCount "81"]
[EventDate "2000.??.??"]

1. d4 d5 2. a3 Bf5 3. Nf3 h6 4. c4 e6 5. cxd5 exd5 6. Nc3 c6 7. g3 Nd7 8. Bg2
Bd6 9. O-O Ngf6 10. Bd2 O-O 11. Qc1 Re8 12. Re1 Ne4 13. Nxe4 Bxe4 14. b3 Qf6
15. Bc3 Re7 16. Bh3 Bf5 17. Bg2 Rae8 18. Qd2 Be4 19. Rec1 g5 20. Re1 Qg6 21.
Bb2 f6 22. Bc3 Nf8 23. Qa2 h5 24. Ba5 Qh7 25. Qd2 Ng6 26. e3 h4 27. g4 h3 28.
Bh1 Nh4 29. Nxh4 Qxh4 30. f3 Bg6 31. a4 f5 32. gxf5 Bxf5 33. Rac1 Kh7 34. Ra1
g4 35. e4 dxe4 36. fxe4 Bxe4 37. Bxe4+ Rxe4 38. Rxe4 Rxe4 39. Qc2 g3 40. Re1
gxh2+ 41. Kh1 {blunite resigns} 1-0

[Event "ICS rated blitz match"]
[Site "204.178.125.65"]
[Date "2000.05.19"]
[Round "?"]
[White "Paratuga"]
[Black "Hossa"]
[Result "0-1"]
[WhiteElo "1965"]
[BlackElo "2455"]
[PlyCount "34"]
[EventDate "2000.??.??"]

1. e4 c5 2. Nf3 e6 3. d4 cxd4 4. Nxd4 a6 5. Nc3 Qc7 6. g3 Nf6 7. Bg2 Nc6 8. O-O
Nxd4 9. Qxd4 Bc5 10. Qd3 d6 11. Bg5 h6 12. Bxf6 gxf6 13. Ne2 Bd7 14. c4 b5 15.
b3 bxc4 16. Qxc4 Bb5 17. Qc2 Bxf2+ {Paratuga resigns} 0-1

[Event "ICS rated blitz match"]
[Site "204.178.125.65"]
[Date "2000.05.19"]
[Round "?"]
[White "Hossa"]
[Black "cipres"]
[Result "1-0"]
[WhiteElo "2462"]
[BlackElo "1973"]
[PlyCount "45"]
[EventDate "2000.??.??"]

1. d4 d5 2. a3 f5 3. Nf3 Nf6 4. Bf4 e6 5. Nbd2 Be7 6. e3 O-O 7. Ne5 Bd7 8. c4
c6 9. Be2 Be8 10. Qb3 Nbd7 11. Qxb7 Rb8 12. Qxa7 Nxe5 13. dxe5 Ne4 14. Nxe4
fxe4 15. b4 c5 16. bxc5 Ra8 17. Qb6 Qc8 18. Bg4 Bd7 19. cxd5 Bxc5 20. Qb3 Rb8
21. Qd1 Kh8 22. Qc1 Rb6 23. O-O {cipres resigns} 1-0

[Event "ICS rated blitz match"]
[Site "204.178.125.65"]
[Date "2000.05.19"]
[Round "?"]
[White "Hossa"]
[Black "cipres"]
[Result "1-0"]
[WhiteElo "2466"]
[BlackElo "1969"]
[PlyCount "55"]
[EventDate "2000.??.??"]

1. d4 d5 2. a3 f5 3. Nf3 Nf6 4. Bf4 e6 5. c4 Be7 6. Nc3 O-O 7. e3 c6 8. Be2 b6
9. Ne5 Bb7 10. cxd5 exd5 11. Bd3 Ne4 12. f3 Nxc3 13. bxc3 Qe8 14. Qc2 Qh5 15.
O-O c5 16. Bb5 a6 17. Bd7 Nxd7 18. Nxd7 g5 19. Be5 f4 20. Nxf8 Rxf8 21. e4 dxe4
22. fxe4 cxd4 23. cxd4 Rc8 24. Qb3+ Kf8 25. Qxb6 Bxe4 26. Qe6 Rc2 27. Bg7+ Ke8
28. Qxe4 {cipres resigns} 1-0

[Event "ICS rated blitz match"]
[Site "204.178.125.65"]
[Date "2000.05.19"]
[Round "?"]
[White "cipres"]
[Black "Hossa"]
[Result "0-1"]
[WhiteElo "1967"]
[BlackElo "2468"]
[PlyCount "66"]
[EventDate "2000.??.??"]

1. c4 Nf6 2. g3 c6 3. Bg2 d5 4. d4 dxc4 5. Nf3 c5 6. O-O e6 7. Qa4+ Nbd7 8.
Qxc4 Nb6 9. Qd3 cxd4 10. Qxd4 Qxd4 11. Nxd4 Bc5 12. Nb5 O-O 13. Bf4 Nfd5 14.
Bd6 Bxd6 15. Nxd6 Rd8 16. Ne4 Nc4 17. b3 Ne5 18. Nbc3 f5 19. Nxd5 Rxd5 20. Nc3
Rc5 21. Rac1 g5 22. Na4 Rxc1 23. Rxc1 Rb8 24. Rc7 Nf7 25. Nc5 b6 26. Nd3 a5 27.
e4 Ba6 28. Nb2 Rd8 29. Rc2 Ne5 30. f4 gxf4 31. gxf4 Ng6 32. Rf2 Rd4 33. e5 Rxf4
{cipres resigns} 0-1

[Event "ICS rated blitz match"]
[Site "204.178.125.65"]
[Date "2000.05.19"]
[Round "?"]
[White "Hossa"]
[Black "GIRONA"]
[Result "1-0"]
[WhiteElo "2470"]
[BlackElo "2198"]
[PlyCount "89"]
[EventDate "2000.??.??"]

1. d4 Nf6 2. g3 g6 3. Nf3 Bg7 4. c4 c6 5. Nc3 d5 6. cxd5 cxd5 7. Bg2 O-O 8. O-O
Ne4 9. Nxe4 dxe4 10. Ng5 Qxd4 11. Qxd4 Bxd4 12. Rd1 Nc6 13. e3 Bg7 14. Nxe4 Bg4
15. f3 Bf5 16. Nc5 Rad8 17. Rxd8 Rxd8 18. Nxb7 Rd1+ 19. Kf2 Nb4 20. Bf1 Nc2 21.
Be2 Rh1 22. Kg2 Rxh2+ 23. Kxh2 Nxa1 24. Na5 Bc2 25. Bb5 Bb1 26. Bc4 Nc2 27. Nc6
e6 28. Nxa7 Ne1 29. f4 Nd3 30. Bxd3 Bxd3 31. a4 Kf8 32. Nc8 Ke8 33. Nd6+ Ke7
34. Nb7 e5 35. b4 e4 36. Bd2 Kd7 37. Nc5+ Kc6 38. Nxd3 exd3 39. e4 f5 40. e5
Bf8 41. Kg2 Kd5 42. b5 Kc4 43. b6 Bc5 44. b7 Ba7 45. e6 {GIRONA resigns} 1-0

[Event "ICS rated blitz match"]
[Site "204.178.125.65"]
[Date "2000.05.19"]
[Round "?"]
[White "GIRONA"]
[Black "Hossa"]
[Result "0-1"]
[WhiteElo "2192"]
[BlackElo "2476"]
[PlyCount "80"]
[EventDate "2000.??.??"]

1. d4 Nf6 2. Nf3 g6 3. g3 Bg7 4. Bg2 O-O 5. O-O d6 6. c4 Nbd7 7. Nc3 c5 8. h3
cxd4 9. Nxd4 Ne5 10. b3 Bd7 11. Bb2 Qc8 12. Kh2 Nc6 13. Nc2 Bf5 14. Re1 Be6 15.
e4 Bd7 16. Qd2 b6 17. Rad1 Re8 18. Ne3 a6 19. Ncd5 Nxd5 20. Nxd5 Bxb2 21. Qxb2
Rb8 22. Rc1 Ne5 23. Qd2 f6 24. f4 Nc6 25. a4 f5 26. Re3 fxe4 27. Rxe4 Qd8 28.
Rce1 b5 29. axb5 axb5 30. g4 bxc4 31. bxc4 Kf7 32. Rf1 Rf8 33. f5 gxf5 34. gxf5
Rg8 35. Qh6 Rb2 36. Rg4 Rxg4 37. hxg4 Qg8 38. Kg3 Rb3+ 39. Kh4 Nd4 40. f6 Qxg4#
{GIRONA checkmated} 0-1

[Event "ICS rated blitz match"]
[Site "204.178.125.65"]
[Date "2000.05.19"]
[Round "?"]
[White "Hossa"]
[Black "D-Zagorskis"]
[Result "1-0"]
[WhiteElo "2481"]
[BlackElo "2417"]
[PlyCount "195"]
[EventDate "2000.??.??"]

1. d4 d5 2. a3 Bf5 3. Nf3 e6 4. c4 c6 5. Nc3 h6 6. cxd5 exd5 7. Bd2 Nf6 8. g3
Bd6 9. Bg2 Nbd7 10. O-O O-O 11. b3 Re8 12. Nh4 Bh7 13. Nf3 Ne4 14. Nxe4 Bxe4
15. Qc1 Qe7 16. Ba5 a6 17. Bd2 Nf6 18. Ba5 Qd7 19. Qd2 Bf5 20. Qb2 Bh3 21. Bb6
Ne4 22. Kh1 Re7 23. Ng1 Bxg2+ 24. Kxg2 Rae8 25. Rac1 h5 26. Nf3 Ng5 27. Nxg5
Rxe2 28. Qb1 g6 29. Rc2 Bxa3 30. Nf3 Rxc2 31. Qxc2 Bd6 32. Kg1 Qg4 33. Qd3 Re4
34. h3 Qd7 35. Ng5 Re7 36. Qf3 Kg7 37. Qg2 Re2 38. Ra1 Qe7 39. Qf1 Rb2 40. h4
Rxb3 41. Ba5 Ra3 42. Rxa3 Bxa3 43. Qd3 Bd6 44. Nf3 Qe6 45. Bb6 f6 46. Kf1 Kf7
47. Qb1 Qe7 48. Qe1 Qxe1+ 49. Nxe1 Ke6 50. Ke2 Kf5 51. Nc2 g5 52. Ne3+ Ke6 53.
hxg5 fxg5 54. Ng2 Kf5 55. Kf3 g4+ 56. Ke3 Be7 57. Kd3 Bb4 58. Ne3+ Ke6 59. Nc2
Bd6 60. Kd2 Kf5 61. Ke3 Be7 62. Ne1 Bg5+ 63. f4 gxf3+ 64. Kxf3 Bd2 65. Nd3 Bg5
66. Nc5 Be7 67. Nxb7 Bb4 68. Nd8 a5 69. Nxc6 Bd6 70. Bxa5 Ke6 71. Bb4 Kf5 72.
Bxd6 Ke6 73. Bc5 Kf5 74. Ne7+ Ke6 75. Nxd5 Kxd5 76. Kf4 Ke6 77. Kg5 Kd5 78.
Kxh5 Ke6 79. Kg6 Kd5 80. Kf7 Ke4 81. Ke7 Kd5 82. Kd8 Kc4 83. Ba7 Kd5 84. Bb6
Kc4 85. g4 Kd5 86. Bc5 Ke6 87. g5 Kf5 88. d5 Kxg5 89. d6 Kf5 90. d7 Ke4 91. Ke8
Kd5 92. d8=Q+ Kxc5 93. Qd3 Kb4 94. Kd8 Kc5 95. Kc7 Kb4 96. Kb6 Ka4 97. Kc5 Ka5
98. Qa3# 1-0

[Event "ICS rated blitz match"]
[Site "204.178.125.65"]
[Date "2000.05.19"]
[Round "?"]
[White "D-Zagorskis"]
[Black "Hossa"]
[Result "1-0"]
[WhiteElo "2404"]
[BlackElo "2494"]
[PlyCount "151"]
[EventDate "2000.??.??"]

1. d4 Nf6 2. Nf3 g6 3. g3 Bg7 4. Bg2 O-O 5. O-O d6 6. c4 Nbd7 7. b3 c5 8. Bb2
cxd4 9. Nxd4 Kh8 10. Nc3 Nc5 11. e4 Bd7 12. Rc1 Ne6 13. Nxe6 Bxe6 14. Qd2 Qa5
15. Rfd1 Bg4 16. f3 Bd7 17. Nd5 Qxd2 18. Rxd2 Nxd5 19. Bxg7+ Kxg7 20. cxd5 Rac8
21. Rdc2 Rxc2 22. Rxc2 Rc8 23. Rxc8 Bxc8 24. f4 Bg4 25. Kf2 h6 26. b4 Bd7 27.
Ke3 Bb5 28. Kd4 b6 29. Bf3 a5 30. bxa5 bxa5 31. h4 h5 32. a3 Bd7 33. Be2 Bc8
34. Bb5 Bg4 35. Bd3 Bc8 36. e5 Kg8 37. Bb5 Bg4 38. Bc6 Bf3 39. Bd7 Kg7 40. Bc6
dxe5+ 41. Kxe5 Kf8 42. Bb5 Bd1 43. Bd3 Kg7 44. Kd4 a4 45. Kc5 Bb3 46. Be4 Bd1
47. d6 exd6+ 48. Kxd6 Kf6 49. Kc5 Ke6 50. Kb4 Bb3 51. Bc6 Kf5 52. Bxa4 Bxa4 53.
Kxa4 Ke6 54. Kb5 Kd7 55. a4 Kc7 56. Kc5 f6 57. Kd5 Kd7 58. a5 Kc7 59. Ke6 f5
60. Kf6 Kc6 61. Kxg6 Kd7 62. Kxf5 Ke7 63. Kg6 Kd6 64. f5 Kc7 65. f6 Kd6 66. f7
Kd5 67. f8=Q Kc4 68. Qf5 Kc3 69. Qe4 Kb2 70. Qd3 Kc1 71. Qe2 Kb1 72. Kf5 Kc1
73. Ke4 Kb1 74. Kd3 Ka1 75. Kc3 Kb1 76. Qb2# {Hossa checkmated} 1-0

[Event "ICS rated standard match"]
[Site "204.178.125.65"]
[Date "2000.05.19"]
[Round "?"]
[White "Hossa"]
[Black "MM3Quick"]
[Result "1-0"]
[WhiteElo "2353"]
[BlackElo "2314"]
[PlyCount "75"]
[EventDate "2000.??.??"]

1. d4 d6 2. Nf3 c6 3. e4 Qc7 4. c4 e5 5. Nc3 Nf6 6. Bd3 Be7 7. Be3 Bg4 8. dxe5
dxe5 9. h3 Bh5 10. g4 Bg6 11. g5 Nh5 12. Nh4 Nd7 13. Nxg6 hxg6 14. Qd2 O-O-O
15. Ne2 Nc5 16. Bxc5 Bxc5 17. Rd1 Qb6 18. O-O Rd7 19. a3 Rhd8 20. Qc2 Bd4 21.
Nxd4 Rxd4 22. Be2 Nf4 23. Bg4+ Kb8 24. Rxd4 Rxd4 25. Rd1 Qd8 26. Rxd4 Qxd4 27.
a4 c5 28. a5 Qd3 29. Qa4 Qd8 30. Qb5 Qe7 31. a6 Ne6 32. Bxe6 fxe6 33. h4 Qc7
34. Qe8+ Qc8 35. Qf7 bxa6 36. Qxg7 Qb7 37. Qxb7+ Kxb7 38. h5 {MM3Quick resigns}
1-0

[Event "ICS rated blitz match"]
[Site "204.178.125.65"]
[Date "2000.05.19"]
[Round "?"]
[White "Hossa"]
[Black "readyink"]
[Result "1-0"]
[WhiteElo "2474"]
[BlackElo "2176"]
[PlyCount "81"]
[EventDate "2000.??.??"]

1. d4 e6 2. Bf4 Nf6 3. e3 c5 4. Nf3 Qb6 5. b3 Nc6 6. Be2 Qa5+ 7. Nbd2 Ne4 8.
dxc5 Bxc5 9. Bd3 Nc3 10. Nc4 Nxd1+ 11. Nxa5 Nxf2 12. Kxf2 Nxa5 13. a3 Nc6 14.
c4 b6 15. Rhd1 Bb7 16. Be4 Na5 17. Bc2 Nc6 18. Be4 f6 19. b4 Be7 20. Kg1 O-O-O
21. Bg3 f5 22. Bb1 Bf6 23. Ra2 g5 24. Bd6 g4 25. Ne1 Be5 26. c5 Bxd6 27. cxd6
Kb8 28. Nd3 Ba6 29. Nf4 Rc8 30. Rf2 Ne5 31. Ra2 Rc3 32. e4 fxe4 33. Bxe4 Bb7
34. Re2 Bxe4 35. Rxe4 Nc6 36. Nd3 h5 37. a4 Rc2 38. b5 Na5 39. Ne5 Kc8 40. Ng6
Rg8 41. Ne7+ {readyink resigns} 1-0

[Event "ICS rated blitz match"]
[Site "204.178.125.65"]
[Date "2000.05.19"]
[Round "?"]
[White "Hossa"]
[Black "Paratuga"]
[Result "1-0"]
[WhiteElo "2479"]
[BlackElo "2026"]
[PlyCount "85"]
[EventDate "2000.??.??"]

1. d4 d5 2. a3 Nc6 3. Nf3 Bg4 4. Nbd2 e6 5. h3 Bh5 6. g4 Bg6 7. Bg2 Bd6 8. c4
dxc4 9. Nxc4 Nf6 10. Nfe5 Bxe5 11. Bxc6+ bxc6 12. Nxe5 Qd5 13. f3 Nd7 14. e4
Bxe4 15. fxe4 Qxe4+ 16. Kf2 Nxe5 17. dxe5 Rd8 18. Re1 Qc4 19. Qe2 Qb3 20. Qe3
Qb5 21. Qxa7 O-O 22. Qxc7 Rd3 23. a4 Qd5 24. Be3 f6 25. exf6 Rxf6+ 26. Kg1 Qf3
27. Ra3 Rxa3 28. bxa3 Qxh3 29. Qc8+ Rf8 30. Qxe6+ Kh8 31. Bf2 Qxa3 32. Qxc6 h6
33. Re8 Qb4 34. Rxf8+ Qxf8 35. Qd5 Qf4 36. Qd8+ Kh7 37. Qd3+ Kh8 38. Qd4 Qc1+
39. Kg2 Qg5 40. Qe4 h5 41. Qe8+ Kh7 42. Qxh5+ Qxh5 43. gxh5 {Paratuga resigns}
1-0

[Event "ICS rated blitz match"]
[Site "204.178.125.65"]
[Date "2000.05.19"]
[Round "?"]
[White "Paratuga"]
[Black "Hossa"]
[Result "0-1"]
[WhiteElo "2024"]
[BlackElo "2481"]
[PlyCount "62"]
[EventDate "2000.??.??"]

1. e4 c5 2. Nf3 e6 3. d4 cxd4 4. Nxd4 a6 5. Nc3 Qc7 6. g3 Nf6 7. Bg2 Nc6 8.
Nxc6 bxc6 9. O-O d6 10. Na4 Be7 11. c4 O-O 12. Be3 Rb8 13. b3 Rd8 14. Nc3 d5
15. exd5 cxd5 16. Qe2 Rb4 17. Bf4 Bd6 18. Bxd6 Qxd6 19. cxd5 exd5 20. Rad1 Bg4
21. Bf3 Re8 22. Qd3 Bxf3 23. Qxf3 d4 24. Na4 Nd7 25. Nb2 Ne5 26. Qe4 f5 27.
Qxf5 Qd5 28. Qf4 Rf8 29. Qc1 Nf3+ 30. Kg2 Ne1+ 31. Kh3 Qh5# {
Paratuga checkmated} 0-1

[Event "ICS rated blitz match"]
[Site "204.178.125.65"]
[Date "2000.05.19"]
[Round "?"]
[White "duendecilla"]
[Black "Hossa"]
[Result "1-0"]
[WhiteElo "2455"]
[BlackElo "2483"]
[PlyCount "105"]
[EventDate "2000.??.??"]

1. d4 Nf6 2. Nf3 g6 3. Nc3 d5 4. Bf4 Bg7 5. e3 O-O 6. Be2 c6 7. Ne5 Nbd7 8. h4
Nxe5 9. Bxe5 Nd7 10. Bxg7 Kxg7 11. f4 Nf6 12. h5 Bf5 13. Bf3 Qd7 14. Qd2 Kg8
15. O-O-O Rad8 16. Rh4 gxh5 17. Bxh5 Qc7 18. g4 Be4 19. g5 Nxh5 20. Nxe4 Nxf4
21. exf4 dxe4 22. Qh2 f6 23. Rg1 Kf7 24. gxf6 Rh8 25. fxe7 Qxe7 26. Rxh7+ Rxh7
27. Qxh7+ Ke6 28. Rg6+ Kd7 29. Rg7 Re8 30. Rxe7+ Rxe7 31. Qf5+ Ke8 32. Kd2 a6
33. Ke3 Kd8 34. c4 Kc7 35. d5 cxd5 36. Qxd5 Kc8 37. f5 Rd7 38. Kxe4 Rxd5 39.
Kxd5 Kc7 40. Ke6 Kc6 41. b4 Kc7 42. f6 Kd8 43. f7 Kc7 44. f8=Q a5 45. Qc5+ Kb8
46. Kd7 a4 47. Qc7+ Ka7 48. Qa5+ Kb8 49. c5 a3 50. Qb6 Ka8 51. c6 bxc6 52. Kc7
c5 53. Qb7# {Hossa checkmated} 1-0

[Event "ICS rated blitz match"]
[Site "204.178.125.65"]
[Date "2000.05.19"]
[Round "?"]
[White "Hossa"]
[Black "Templare"]
[Result "0-1"]
[WhiteElo "2466"]
[BlackElo "2421"]
[PlyCount "90"]
[EventDate "2000.??.??"]

1. d4 Nf6 2. Nf3 d5 3. c4 e6 4. Nc3 c6 5. cxd5 exd5 6. Bg5 h6 7. Bxf6 Qxf6 8.
e3 Bd6 9. Rc1 O-O 10. Bd3 Bg4 11. Kd2 Re8 12. Kc2 Nd7 13. Kb1 Bh5 14. h3 Nb6
15. g4 Bg6 16. Bxg6 fxg6 17. h4 Rf8 18. Rh3 Rae8 19. Rc2 Qe6 20. Qg1 Nc4 21.
Qg2 Bb4 22. Kc1 b6 23. Ne2 c5 24. a3 Ba5 25. h5 g5 26. Rg3 Rf7 27. Nh2 Ref8 28.
Rf3 Rxf3 29. Nxf3 Qe4 30. Neg1 cxd4 31. Rxc4 dxc4 32. exd4 Qd3 33. Qg3 c3 34.
b4 Re8 35. Qe5 Rxe5 36. dxe5 c2 37. Nd2 Qxa3+ 38. Kxc2 Qxb4 39. Ndf3 Qc3+ 40.
Kb1 Qd3+ 41. Kb2 Bc3+ 42. Kc1 Bb4 43. Kb2 Qc3+ 44. Kb1 Ba3 45. Nxg5 Qb2# {
Hossa checkmated} 0-1

[Event "ICS rated blitz match"]
[Site "204.178.125.65"]
[Date "2000.05.19"]
[Round "?"]
[White "Valetta"]
[Black "Hossa"]
[Result "0-1"]
[WhiteElo "2026"]
[BlackElo "2448"]
[PlyCount "20"]
[EventDate "2000.??.??"]

1. e4 c5 2. Nf3 e6 3. d4 cxd4 4. Nxd4 a6 5. g3 d5 6. Bg2 dxe4 7. O-O f5 8. c3
e5 9. Nxf5 Bxf5 10. Qh5+ g6 {Valetta resigns} 0-1

[Event "ICS Rated blitz match"]
[Site "204.178.125.65"]
[Date "2000.05.19"]
[Round "?"]
[White "QueenMaxima"]
[Black "Hossa"]
[Result "1-0"]
[WhiteElo "2550"]
[BlackElo "2451"]
[PlyCount "135"]
[EventDate "2000.??.??"]

1. e4 c5 2. Nf3 e6 3. d4 cxd4 4. Nxd4 a6 5. Bd3 g6 6. O-O Bg7 7. Nb3 Nc6 8. c3
d6 9. Na3 Nf6 10. Bg5 O-O 11. Bxf6 Bxf6 12. Qd2 b5 13. Be2 Be7 14. Nc2 f5 15.
exf5 Rxf5 16. Nbd4 Nxd4 17. Nxd4 Rf7 18. Bg4 Bg5 19. Qd3 Qe8 20. Ne2 d5 21.
Rae1 Bh6 22. Nd4 e5 23. Be6 Bxe6 24. Rxe5 Bg7 25. Rxe6 Qd7 26. Rfe1 Bxd4 27.
Qxd4 a5 28. f3 b4 29. R6e5 Rd8 30. a3 bxc3 31. bxc3 Qb5 32. a4 Qc6 33. Re7 Rdf8
34. R1e5 Rxe7 35. Rxe7 Rf7 36. Rxf7 Kxf7 37. Qa7+ Ke6 38. Qxa5 Qb7 39. Qb4 Qa7+
40. Kf1 Qe3 41. a5 Qd3+ 42. Kf2 Qd2+ 43. Kg3 g5 44. a6 Qe3 45. Qa4 Qa7 46. Qc6+
Ke5 47. Qb7 Qg1 48. Qe7+ Kf5 49. a7 Qa1 50. Qf7+ Ke5 51. Qe8+ Kd6 52. a8=Q Qxa8
53. Qxa8 Kc5 54. Qc8+ Kd6 55. Kg4 d4 56. cxd4 h6 57. Qd8+ Kc6 58. Qf6+ Kd5 59.
Qe5+ Kc6 60. Qe6+ Kb5 61. Qxh6 Kc4 62. Qb6 Kc3 63. d5 Kc4 64. d6 Kc3 65. d7 Kc2
66. d8=Q Kc1 67. Qb4 Kc2 68. Qdd2# {Hossa checkmated} 1-0

[Event "ICS rated standard match"]
[Site "204.178.125.65"]
[Date "2000.05.19"]
[Round "?"]
[White "nitmo"]
[Black "Hossa"]
[Result "0-1"]
[WhiteElo "2094"]
[BlackElo "2367"]
[PlyCount "60"]
[EventDate "2000.??.??"]

1. e4 c5 2. d3 e6 3. c3 Nc6 4. f3 d5 5. a4 Nf6 6. Ne2 dxe4 7. dxe4 Qxd1+ 8.
Kxd1 Be7 9. Kc2 O-O 10. b3 Rd8 11. Na3 e5 12. Be3 Be6 13. Ng3 a6 14. Bc4 Bxc4
15. Nxc4 h6 16. Nf5 Bf8 17. Nb6 Rab8 18. Rhd1 Na5 19. Nd5 Nd7 20. Nde7+ Bxe7
21. Nxe7+ Kf8 22. Nf5 c4 23. b4 Nb3 24. Rab1 Rbc8 25. a5 h5 26. Rd5 Nf6 27.
Rxe5 h4 28. g4 hxg3 29. hxg3 Rd7 30. Bb6 Rd2# {nitmo checkmated} 0-1

[Event "ICS rated standard match"]
[Site "204.178.125.65"]
[Date "2000.05.19"]
[Round "?"]
[White "Hossa"]
[Black "nitmo"]
[Result "1/2-1/2"]
[WhiteElo "2373"]
[BlackElo "2088"]
[PlyCount "144"]
[EventDate "2000.??.??"]

1. d4 d5 2. c4 c6 3. Nc3 e6 4. e4 a6 5. exd5 cxd5 6. cxd5 exd5 7. Nf3 Nc6 8.
Bd3 Nf6 9. O-O Be7 10. Re1 O-O 11. Be3 Bg4 12. Rc1 Re8 13. Be2 Bb4 14. a3 Bxc3
15. bxc3 Ne4 16. c4 dxc4 17. Bxc4 Na5 18. Be2 Qd5 19. Qd3 b5 20. Bf4 Nc4 21.
Ne5 Bxe2 22. Qxe2 f6 23. Nxc4 bxc4 24. Qxc4 Qxc4 25. Rxc4 g5 26. f3 gxf4 27.
fxe4 Rab8 28. Rc6 Rb3 29. Rxa6 Re3 30. Rd1 R8xe4 31. Kf2 Re2+ 32. Kf1 Kg7 33.
Ra7+ Kg6 34. h3 Ra2 35. Ra8 Kg7 36. Rd3 Ree2 37. Rf3 Rxg2 38. Rxf4 Rh2 39. Rg4+
Kh6 40. Kg1 Rhd2 41. Rf4 Rg2+ 42. Kf1 Kg5 43. Rg4+ Rxg4 44. Rg8+ Kf5 45. hxg4+
Ke4 46. Rf8 Rxa3 47. Kg2 Kxd4 48. Rxf6 Ra7 49. Rf4+ Ke5 50. Rf5+ Ke6 51. Rh5
Rg7 52. Kg3 Kf6 53. Kh4 Kg6 54. Rg5+ Kh6 55. Re5 Ra7 56. Rd5 Ra6 57. Kg3 Kg6
58. Rh5 Ra3+ 59. Kf4 Ra4+ 60. Kf3 Ra3+ 61. Kg2 Ra2+ 62. Kg3 Ra3+ 63. Kf4 Ra4+
64. Kf3 Ra3+ 65. Kg2 Ra2+ 66. Kg3 Ra3+ 67. Kf4 Ra4+ 68. Kf3 Ra3+ 69. Kg2 Ra2+
70. Kg3 Ra3+ 71. Kf4 Ra4+ 72. Kg3 Ra3+ 1/2-1/2

[Event "ICS rated blitz match"]
[Site "204.178.125.65"]
[Date "2000.05.20"]
[Round "?"]
[White "Hossa"]
[Black "QueenMaxima"]
[Result "0-1"]
[WhiteElo "2439"]
[BlackElo "2531"]
[PlyCount "106"]
[EventDate "2000.??.??"]

1. d4 Nf6 2. Nf3 g6 3. Nc3 d5 4. Bf4 Bg7 5. e3 O-O 6. Be2 c5 7. dxc5 Qa5 8. O-O
Qxc5 9. Nd4 Nc6 10. Nb3 Qb6 11. Nxd5 Nxd5 12. Qxd5 Bxb2 13. Rad1 Nb4 14. Qe4
Nxa2 15. Qxe7 Nc3 16. Rd2 Nxe2+ 17. Rxe2 Bf5 18. Bc7 Qb5 19. Rd2 Bc3 20. Nd4
Bxd4 21. exd4 Rac8 22. Be5 Qa6 23. c3 f6 24. Bf4 g5 25. Bg3 Rxc3 26. Rb2 Rf7
27. Qd8+ Kg7 28. Qd5 Be6 29. Qe4 Rd7 30. Re1 Bf7 31. Bb8 Rc8 32. Bg3 Re8 33.
Qb1 Rxe1+ 34. Qxe1 Rxd4 35. Rb1 Qc6 36. Bb8 Rg4 37. g3 Re4 38. Qf1 a6 39. Qd1
Rc4 40. Ra1 Bd5 41. Qe1 Bh1 42. Qf1 b5 43. Rd1 a5 44. Rd6 Qb7 45. Rd8 Bg2 46.
Qe1 Bh3 47. Rd5 Qxd5 48. Qe7+ Kg6 49. Qe8+ Kf5 50. Qc8+ Rxc8 51. g4+ Kxg4 52.
f3+ Qxf3 53. Bd6 Rc1# {Hossa checkmated} 0-1

[Event "ICS rated blitz match"]
[Site "204.178.125.65"]
[Date "2000.05.20"]
[Round "?"]
[White "egya"]
[Black "Hossa"]
[Result "0-1"]
[WhiteElo "2075"]
[BlackElo "2427"]
[PlyCount "78"]
[EventDate "2000.??.??"]

1. b3 e5 2. Bb2 d6 3. e3 Nf6 4. c4 Nc6 5. Nc3 Be7 6. d4 exd4 7. exd4 Bf5 8. a3
O-O 9. Nf3 Re8 10. Be2 Ne4 11. O-O Bf6 12. Nd5 Be6 13. Nxf6+ Qxf6 14. Qc2 Bf5
15. d5 Nc5 16. Bxf6 Bxc2 17. dxc6 gxf6 18. b4 Ne6 19. cxb7 Rab8 20. Rac1 Be4
21. Nd2 Nf4 22. Nxe4 Nxe2+ 23. Kh1 Rxe4 24. Rce1 Rxb7 25. g3 Rb8 26. Kg2 Rbe8
27. Rd1 Rxc4 28. Rfe1 Rce4 29. Kf1 d5 30. b5 Nc3 31. Rxe4 Rxe4 32. Rd3 Rc4 33.
f3 Kg7 34. g4 d4 35. Kg2 Ra4 36. f4 Nxb5 37. h4 Rxa3 38. Rd2 c5 39. f5 c4 {
egya resigns} 0-1

[Event "ICS rated standard match"]
[Site "204.178.125.65"]
[Date "2000.05.20"]
[Round "?"]
[White "megacapa"]
[Black "Hossa"]
[Result "0-1"]
[WhiteElo "2153"]
[BlackElo "2362"]
[PlyCount "56"]
[EventDate "2000.??.??"]

1. e4 c5 2. Nf3 e6 3. d4 cxd4 4. Nxd4 Qb6 5. Nb3 Nc6 6. Be3 Qc7 7. N1d2 Nf6 8.
f4 e5 9. f5 d5 10. g4 dxe4 11. Bc4 h5 12. g5 Ng4 13. Qe2 Bxf5 14. Rf1 g6 15. h3
Nxe3 16. Qxe3 Qb6 17. Qe2 O-O-O 18. O-O-O e3 19. Nf3 Bxh3 20. Rxd8+ Nxd8 21.
Re1 Bg4 22. Qxe3 Qxe3+ 23. Rxe3 Bxf3 24. Rxf3 Be7 25. Bxf7 Nxf7 26. Rxf7 Bxg5+
27. Kd1 h4 28. Ke2 Bf4 {megacapa resigns} 0-1

[Event "ICS rated standard match"]
[Site "204.178.125.65"]
[Date "2000.05.20"]
[Round "?"]
[White "Hossa"]
[Black "prg3"]
[Result "1-0"]
[WhiteElo "2369"]
[BlackElo "2177"]
[PlyCount "97"]
[EventDate "2000.??.??"]

1. d4 Nf6 2. g3 g6 3. Nf3 Bg7 4. c4 O-O 5. Bg2 d6 6. O-O c5 7. Nc3 Nc6 8. d5
Na5 9. Qd3 a6 10. Bg5 h6 11. Bd2 Rb8 12. e4 b5 13. cxb5 axb5 14. Rfe1 b4 15.
Ne2 Qb6 16. Qc2 Ba6 17. Nf4 Ng4 18. Bh3 Ne5 19. Nxe5 Bxe5 20. Qc1 Kh7 21. Bf1
Bxf1 22. Rxf1 c4 23. Ne2 Bg7 24. Be3 Qc7 25. Qc2 Rfc8 26. Bd4 c3 27. Bxg7 Kxg7
28. bxc3 bxc3 29. Rfc1 Rb2 30. Qxc3+ Qxc3 31. Nxc3 Kf6 32. h3 Rc4 33. Kf1 Rd4
34. Nd1 Rb7 35. f3 Rd2 36. h4 h5 37. f4 Rb4 38. Nc3 Rbb2 39. Rcb1 Rbc2 40. e5+
dxe5 41. Ne4+ Kf5 42. Nxd2 Rxd2 43. fxe5 Kxe5 44. Rb4 Rxd5 45. a4 f5 46. Rc1
Kf6 47. Rb6+ e6 48. Re1 Rd3 49. Rexe6+ {prg3 resigns} 1-0